| Tag |
First Indicator |
Second Indicator |
Subfields |
| LEADER |
00000cam a2200000Ia 4500 |
| 001 |
in00002403821 |
| 005 |
20151109084608.0 |
| 008 |
080222s2007 txuab b s000 0 eng d |
| 035 |
|
|
|a (OCoLC)196303604
|
| 035 |
|
|
|a (OCoLC)ocn196303604
|
| 040 |
|
|
|a IKM
|c IKM
|d TXA
|d UtOrBLW
|
| 043 |
|
|
|a n-us-tx
|
| 049 |
|
|
|a TXAM
|
| 086 |
|
|
|a H2000.8 SH11CO 2007
|2 txdocs
|
| 090 |
|
|
|a F392.C23
|b G63 2007
|
| 100 |
1 |
|
|a Godwin, Molly Ficklen.
|
| 245 |
1 |
2 |
|a A cultural resources survey of the Cottonwood Wind Farm, Callahan and Shackelford counties, Texas /
|c by Molly F. Godwin.
|
| 264 |
|
1 |
|a Kyle, Tex. :
|b Antiquities Planning & Consulting,
|c [2007]
|
| 300 |
|
|
|a ii, 16 leaves :
|b illustrations, maps ;
|c 28 cm.
|
| 336 |
|
|
|a text
|b txt
|2 rdacontent
|
| 337 |
|
|
|a unmediated
|b n
|2 rdamedia
|
| 338 |
|
|
|a volume
|b nc
|2 rdacarrier
|
| 490 |
1 |
|
|a Heritage management series survey report ;
|v no. 69
|
| 500 |
|
|
|a "APC Project number 2007-08-02."
|
| 500 |
|
|
|a "September 2007."
|
| 500 |
|
|
|a "Prepared for Cottonwood Wind, LLC and URS Corporation, Austin, Texas."
|
| 500 |
|
|
|a Regulated by the Texas Historical Commission through the National Historic Preservation Act.
|
| 504 |
|
|
|a Includes bibliographical references (leaves 8-10).
|
| 650 |
|
0 |
|a Archaeological surveying
|z Texas
|z Shackelford County.
|
| 650 |
|
0 |
|a Archaeological surveying
|z Texas
|z Callahan County.
|
| 651 |
|
0 |
|a Shackelford County (Tex.)
|x Antiquities.
|
| 651 |
|
0 |
|a Callahan County (Tex.)
|x Antiquities.
|
| 710 |
2 |
|
|a Texas Historical Commission.
|
| 710 |
2 |
|
|a Antiquities Planning & Consulting (Firm)
|
| 710 |
2 |
|
|a Cottonwood Wind, LLC.
|
| 710 |
2 |
|
|a URS Corporation.
|
| 830 |
|
0 |
|a Heritage management series survey report ;
|v no. 69.
|
| 948 |
|
|
|a cataloged
|b h
|c 20080724
|e jhennen
|
| 994 |
|
|
|a C0
|b TXA
|
| 999 |
|
|
|a MARS
|
| 999 |
f |
f |
|s 214efdfa-0471-3fa2-b32d-eb3bcbb7e596
|i 2e1f3bfb-dc0f-33ff-a0db-cdd9ebcd267c
|t 0
|
| 952 |
f |
f |
|p ric
|a Texas A&M University
|b Rellis Campus
|c Joint Library Facility
|d Remote Storage
|t 0
|e F392.A15 G63 2007
|h Library of Congress classification
|i unmediated -- volume
|m A14837205531
|
| 998 |
f |
f |
|a F392.A15 G63 2007
|t 0
|l Remote Storage
|